| 000 | 00658nam a22002297a 4500 | ||
|---|---|---|---|
| 005 | 20170124110049.0 | ||
| 010 | _aA-414532 | ||
| 020 | _a817024314 | ||
| 035 | _aA-414532 | ||
| 037 | _bCen Lib/Ret | ||
| 040 |
_aDPL _bEN |
||
| 082 |
_a357.45 _bAUD |
||
| 245 |
_aAuditing receipts / _cforeword by T.N. Chaturvedi |
||
| 260 |
_aNew Delhi _bAshish publishing house _c1990 |
||
| 270 |
_bNew Delhi _a81, Punjabi bagh _e110026 |
||
| 300 |
_a207p. _c20cm(Hb) |
||
| 500 | _a Includes index | ||
| 650 |
_aCost management _9102416 |
||
| 650 |
_aAuditing _9102417 |
||
| 700 |
_aChaturvedi, T.N. _925098 |
||
| 942 |
_2ddc _cEN _h657.45 _mAUD |
||
| 999 |
_c129009 _d129009 |
||